000 00788nam a22002177a 4500
999 _c12926
_d12926
003 AR-CdUCM
008 190410b ||||| |||| 00| 0 spa d
040 _aMUNICIPALIDAD PROVINCIAL DEL CUSCO
_cBIBLIOTECA MUNICIPAL DEL CUSCO
082 _a973.04 /
_bW32
100 _aWashington, Jorge
_931060
245 _aJorge Washington intimo :
_bApunte histórico - anecdoticos de su vida y de su época /
260 _aMéxico :
_bEditora nacional,
_c1967.
300 _a368 páginas ;
_c17 cm.
_bIlustraciones,
440 _aColección económica libros de bolsillo
_916191
505 _aContenido : Preámbulo -- Capítulos -- I - II -- III -- IV -- V
650 _aBiografía
_922
650 _aHistoria
_9136
650 _aVida
_9884
942 _2ddc
_cLIBROS
945 _arah
_d10/04/2019